Monumenta Novae Franciae : les grandes épreuves, 1638-1640 /

Monumenta Historica Societatis Iesu es un proyecto editorial de la Compañía de Jesús que está orientado a la recuperación sistemática de las fuentes documentales primarias para el estudio del desarrollo histórico de la orden. El proyecto fue impulsado en la Congregación General XXIV (1892) de la Com...

ver descrição completa

Na minha lista:
Detalhes bibliográficos
Autor Corporativo: Compañía de Jesús
Outros Autores: Campeau, Lucien (autor) (autor)
Formato: Livro
Idioma:francês
Publicado em: Roma, Italia : Montreal, Canadá : Compañía de Jesús ; Editions Bellarmin, 1989, c1989
Colecção:(Monumenta Novae Franciae ; 4)
Assuntos:
Tags: Adicionar Tag
Sem tags, seja o primeiro a adicionar uma tag!

MARC

LEADER 00000nam^a2200000^a^4500
001 000316366
005 20250526000000.0
009 20260310113312.001
037 |a Acervo Xavier Clavigero 
041 |a FRA 
082 |a 255. 53  |b MON S. 1 V. 135 
110 |a Compañía de Jesús 
240 1 1 |a [Monumenta Historica Societatis Iesu] 
240 1 1 |a [Monumenta missionum] 
240 1 1 |a [Monumenta Novae Franciae] 
245 1 0 |a Monumenta Novae Franciae :  |b les grandes épreuves, 1638-1640 /  |c Compañía de Jesús ; L. Campeau. 
264 4 |a Roma, Italia :  |b Compañía de Jesús ;  |a Montreal, Canadá :  |b Editions Bellarmin,  |c 1989, c1989 
300 |a 48, 808 p. ;  |c 23.0 cm. 
336 |a texto  |b txt  |2 rdacontenido 
337 |a sin mediación  |b n  |2 rdamedio 
338 |a volumen  |b nc  |2 rdasoporte 
440 |a (Monumenta Novae Franciae ;  |v 4) 
520 |a Monumenta Historica Societatis Iesu es un proyecto editorial de la Compañía de Jesús que está orientado a la recuperación sistemática de las fuentes documentales primarias para el estudio del desarrollo histórico de la orden. El proyecto fue impulsado en la Congregación General XXIV (1892) de la Compañía, cuando el padre Luis Martín García S.J. (1846-1906) fuera electo superior de la orden, y su publicación inició dos años después en Madrid, España. La Monumenta está dividida básicamente en cuatro tipos de volúmenes: 1) Los escritos de San Ignacio de Loyola, fundador de la Compañía de Jesús; 2) Fuentes primarias de los contemporáneos de San Ignacio; 3) La Monumenta paedagogica y 4) Las Monumenta sobre varias de las provincias en que está organizada la orden. 
520 |a La colección Monumenta Novae Franciae consta de nueve volúmenes que recoge datos de las misiones jesuitas en la Nueva Francia, territorio que comprendía todas las colonias francesas de Norteamérica, desde la desembocadura del río San Lorenzo hasta el delta del río Mississippi, pasando por el territorio del valle de Ohio, de 1602-1661, está escrita en francés por el religioso jesuita Lucien Campeau. 
546 |a Contiene algunos artículos en latín 
649 |a XX 
650 |a Jesuitas en Quebec, Canadá -  |x Historia -  |y Siglo XVII -  |x Tema Principal 
650 |a Jesuitas en Canadá -  |x Historia -  |y Siglo XVII 
650 |a Misiones -  |z Quebec, Canadá -  |x Historia -  |y Siglo XVII -  |x Tema Principal 
650 |a Misiones -  |z Canadá -  |x Historia -  |y Siglo XVII 
650 |a Jesuitas -  |x Historia -  |x Documentos -  |x Tema Principal 
650 |a Catolicismo -  |x Historia -  |y Siglo XVII 
650 |a Cristianismo -  |x Historia -  |y Siglo XVII 
650 |a Religión -  |x Historia -  |y Siglo XVII 
650 |a Quebec, Canadá -  |x Historia -  |y 1632-1689 
650 |a Quebec, Canadá -  |x Historia -  |y Siglo XVII 
650 |a Quebec, Canadá -  |x Historia -  |y Dominación Francesa e Inglesa, 1632-1763 
650 |a Canadá -  |x Historia -  |y 1632-1689 
650 |a Canadá -  |x Historia -  |y Siglo XVII 
650 |a Canadá -  |x Historia -  |y Dominación Francesa e Inglesa, 1632-1763 
700 |a Campeau, Lucien  |e (autor) 
910 |a Fondo General 
920 |a Impresos - Libros 
930 |a Libros Antiguos y Raros 
940 |a Jesuitas - Selección de la Compañía de Jesús 
905 |a 108 
901 |a 0500203413  |b IT2  |c LRA  |u 20250526 
902 |a https://opac.biblio.iteso.mx/vufind/Record/000316366